000 01198nam a22002655i 4500
001 162542
003 ES-MaACL
005 20230906212541.0
008 041118s1841 sp |||| | spa d
080 _a32 Presas, José
080 _a32 Ferrer, Joaquín María
080 _a32 Oliver, Pedro Pascual de
080 _a94(460)"1840/43"
100 1 _aPresas, José.
_9131352
245 1 0 _aDemostración de una injusticia notoria ejecutada por el ministro de la primera Secretaría de Estado el Excmo. Sr. don Joaquín María Ferrer /
_cpublícala José Presas.
260 _aMadrid :
_b[s.n.],
_c1841 (
_fImp. de Sánchez, calle de Jardines)
300 _a23 p. ;
_c20 cm.
530 _aDisponible en formato digital.
600 1 4 _aPresas, José.
_9131352
600 1 4 _aFerrer, Joaquín María.
_950423
600 1 4 _aOliver, Pedro Pascual de.
_9150319
651 4 _aEspaña-
_xHistoria-
_y1840-1843, Regencia de Espartero.
_9167869
852 4 _aES-MaACL
_jT-12-F-6
_z- Enc. hol., falto de cub. original
_z- Enc. en un vol. facticio
856 4 _uhttp://bibliotecadigitalhispanica.bne.es:80/webclient/DeliveryManager?pid=3320511&custom_att_2=simple_viewer
_zBiblioteca Digital Hispánica
999 _c162542
_d162542